000 00254nam a2200097Ia 4500
001 722336
005 20250826163309.0
008 250824s9999 xx 000 0 und d
245 0 _aMUHTEŞEM SULTANLAR
_cSEVİNÇ KUŞOĞLU
260 _bGENÇ TİMAŞ YAYINLARI
999 _c722336
_d722336